Les Régimes Totalitaires : l'Allemagne de Hitler. - Statistiques

Statistiques générales
  • Ce quiz a été pris 505 fois
  • Le résultat moyen est 12 sur 17
Statistiques - réponses
Question Réponse % Correct
Quel est le nom donné à la discrimination à l'égard des Juifs? L'Antisémitisme.
96%
A quel poste du gouvernement Hitler est-il nommé le 30 Janvier 1933? Chancelier.
94%
Quel est le nom donné à la race qu' Hitler considère comme étant supérieure à toutes les autres races? La race Aryenne.
94%
Comment se nommait l'association ayant pour objectif d' embrigader les jeunes Allemands de 10 ans à au moins 18 ans? Jeunesses Hitlériennes.
93%
Dans quelle ville a été signé le traité ayant conclu la Première Guerre Mondiale et qu'Adolf Hitler accuse d'être à l'origine de la crise économique en Europe? Versailles.
93%
Décrivez l'évolution du nombre de chômeurs en Allemagne de 1929 à 1933. La quantité augmente.
92%
Quel forme géométrique Adolf Hitler a - t'il utilisée afin de représenter le part Nazi? Une Croix Gammée.
92%
Quel est le nom du parti politique d'extrême - droite dirigé par Adolf Hitler? Le NSDAP(national - socialisme).
91%
Quel surnom a - t' on donné à la nuit durant laquelle de très nombreux Juifs Allemands ont été assassinés, des synagogues ont été brûlées et des magasins Juifs ravagés? La nuit de Cristal.
87%
Dans quelle ville ont été rédigées les lois interdisant les Juifs d'avoir des relations sexuelles avec les Aryens et leur retirant leur citoyenneté? Nuremberg.
84%
Comment a été nommée la police politique Allemande? La Gestapo?
70%
Quel est le nom du premier camp de concentration Allemand dans lequel ont été emprisonnés des Juifs, des Tziganes, des Noirs, des Homosexuels...? Dachau.
66%
En quelle année l'Allemagne commence - t' elle à subir les effets de la Grande Dépression (crise économique)? 1929.
65%
En quelle année le président Hindenburg décède - t' il et laisse sa place à Hitler, cumulant l'entièreté des pouvoirs? 1934.
47%
A combien s'élevait le nombre de chômeurs Allemands à son paroxysme? 6 millions.
38%
Vers quelle partie de l'Europe et vers quel pays particulier Hitler souhaiterait - il réaliser des conquêtes (= pangermanisme) afin de s'assurer un "Lebensraum"( = espace vital)? Est (Russie).
21%
En quelle année Hitler a - t' il supprimé les Libertés Publiques Fondamentales, synonyme de disparition de liberté pour la population? 1933.
15%
Aucun quiz correspondant
Distribution des résultats
% des personnes avec chaque résultat
Percentile par nombre de réponses
Votre historique - résultats
Vous n’avez pas pris ce quiz